| 000 | 00430nam a2200169Ia 4500 | ||
|---|---|---|---|
| 008 | 170705s9999 xx 000 0 und d | ||
| 020 | _a9780439350709 | ||
| 245 | _aJack plays the violin / | ||
| 245 | _cby Jessica Schiltz ; illustrated by Luisa D'Augusta. | ||
| 260 | _aNew York : | ||
| 260 | _bScholastic, | ||
| 260 | _c2002 | ||
| 300 | _a16 pages : | ||
| 300 | _bcolor illustration ; | ||
| 300 | _c21cm. | ||
| 500 | _aBR | ||
| 999 |
_c337151 _d337151 |
||